00402nam a22001217a 4500008004100000020001500041050002300056100002100079245007800100260006400178300001000242700002800252221028b |||||||| |||| 00| 0 eng d a8171566075 aLB1051b.S53 2003  aSharma, Ram Nath aAdvanced educational psychology/cRam Nath Sharma & Rajendra Kumar Sharma aNew DelhibAtlantic publishers & distributors (p) LTDc2003 a567p. aSharma, Rajendra Kumar